Znalostný manažment ako nástroj zvyšovania inovatívnosti podnikania

Súčasný stav úrovne inovatívnosti podnikania vo vybraných slovenských podnikoch v nadväznosti na úroveň a kvalitu ľudského faktora. Odporúčania na zvýšenie významu a kvality znalostného manažmentu v danom prostredí. Kauzalita medzi inovatívnosťou a úrovňou znalostného manažmentu.

Salvato in:
Dettagli Bibliografici
Autore principale: Majtán, Miroslav
Natura: Capitolo di libro
Lingua:slovacco
Soggetti:
Tags: Aggiungi Tag
Nessun Tag, puoi essere il primo ad aggiungerne!!

MARC

LEADER 00000nla a2200000 4500
001 0240212
005 20240502073911.3
041 0 |a slo 
044 |a SK 
245 1 0 |a Znalostný manažment ako nástroj zvyšovania inovatívnosti podnikania  |c Miroslav Majtán 
520 |a Súčasný stav úrovne inovatívnosti podnikania vo vybraných slovenských podnikoch v nadväznosti na úroveň a kvalitu ľudského faktora. Odporúčania na zvýšenie významu a kvality znalostného manažmentu v danom prostredí. Kauzalita medzi inovatívnosťou a úrovňou znalostného manažmentu. 
610 2 0 |a manažment znalostný 
610 2 0 |a podpora inovácií 
610 2 0 |a podpora podnikania 
610 2 0 |a výkonnosť inovačná 
610 2 0 |a stratégia inovačná 
610 2 0 |a podnik malý 
610 2 0 |a podnik stredný 
610 2 0 |a podnik veľký 
100 1 |a Majtán, Miroslav